书目信息 |
| 题名: |
电动力学教程(修)
|
|
| 作者: | 李承租 , 赵凤章 编著 | |
| 分册: | ||
| 出版信息: | 长沙 国防科技大学出版社 1994.08 |
|
| 页数: | 393页 | |
| 开本: | 32开 | |
| 丛书名: | ||
| 单 册: | ||
| 中图分类: | O441-43 | |
| 科图分类: | ||
| 主题词: | 电磁学 , 电动力学 | |
| 电子资源: | ||
| ISBN: | 7-81024-295-4 | |
| 000 | 00644nam0 2200217 45 | |
| 001 | 0012291630 | |
| 005 | 20001229161220.5 | |
| 010 | @a7-81024-295-4@d15.00元 | |
| 100 | @a20001229d1994 km y0chiy0120 ea | |
| 101 | 0 | @achi |
| 105 | @a z 000yy | |
| 200 | 1 | @a电动力学教程(修)@ADian Dong Li Xue Jiao Cheng(Xiu)@f李承租,赵凤章编著@FLi Cheng Zu,Zhao Feng Zhang Bian Zhu |
| 210 | @a长沙@c国防科技大学出版社@d1994.08 | |
| 215 | @a393页@d32开 | |
| 606 | 0 | @a电磁学 |
| 606 | 0 | @a电动力学 |
| 690 | @aO441-43@v3 | |
| 701 | 0 | @a李承租@4编著 |
| 701 | 0 | @a赵凤章@4编著 |
| 801 | @aCN@bPftUser@c20001229 | |
| 905 | @b317905-909@dO441-43@eL935@f5 | |
| 电动力学教程(修)/李承租,赵凤章编著.-长沙:国防科技大学出版社,1994.08 |
| 393页;32开 |
| ISBN 7-81024-295-4:15.00元 |
| ● |
| 相关链接 |
|
|
|
正题名:电动力学教程(修)
索取号:O441-43/L935
 
预约/预借
| 序号 | 登录号 | 条形码 | 馆藏地/架位号 | 状态 | 备注 |
| 1 | 317905 | 203179050 | 自科库401/401自科库 58排4列3层/ [索取号:O441-43/L935] | 在馆 | |
| 2 | 317906 | 203179069 | 自科库401/401自科库 58排4列3层/ [索取号:O441-43/L935] | 在馆 | |
| 3 | 317907 | 203179078 | 自科库401/401自科库 58排4列3层/ [索取号:O441-43/L935] | 在馆 | |
| 4 | 317908 | 203179087 | 自科库401/401自科库 58排4列3层/ [索取号:O441-43/L935] | 在馆 | |
| 5 | 317909 | 203179096 | 自科库401/401自科库 58排7列1层/ [索取号:O441-43/L935] | 在馆 |